Online Catalogue and eLibrary

Living with torturers and other essays of intervention : (Record no. 421)

MARC details
000 -LEADER
fixed length control field 00590cam a2200193 a 4500
001 - CONTROL NUMBER
control field 686735
005 - DATE AND TIME OF LATEST TRANSACTION
control field 20240218235116.0
008 - FIXED-LENGTH DATA ELEMENTS--GENERAL INFORMATION
fixed length control field 951019s1995 ce b 000 0 eng
020 ## - INTERNATIONAL STANDARD BOOK NUMBER
ISBN 9555800057
040 ## - CATALOGING SOURCE (பட்டியலாக்க மூலம்)
Original cataloging agency DLC
Transcribing agency DLC
Modifying agency DLC
082 ## - DDC Classification
DDC Edition Number 22
Class No. 320.
Item Number - Author Mark LIV.
100 1# - MAIN ENTRY--PERSONAL NAME
Personal name Perera, Sasanka.
245 10 - TITLE STATEMENT
Title Living with torturers and other essays of intervention :
Remainder of title Sri Lankan society, culture, and politics in perspective /
Statement of responsibility, etc. Sasanka Perera.
250 ## - EDITION STATEMENT
Edition statement 4th.
260 ## - PUBLICATION, DISTRIBUTION, ETC.
Place of publication, distribution, etc. Colombo :
Name of publisher, distributor, etc. International Centre for Ethnic Studies,
Date of publication, distribution, etc. 1995.
300 ## - PHYSICAL DESCRIPTION
Extent (e.g. Volumes, Pages etc.) ix, 89 p. ;
650 #0 - SUBJECT ADDED ENTRY--TOPICAL TERM
Topical term or geographic name entry element Violence
942 ## - Koha item type (Biblio)
Koha item type Books in Stacks (Lending)
Holdings
Lost status Damaged status Collection code Home library Current library Date acquired Full call number Accession Number Item type
    Lending WERC Library WERC Library 02/19/2024 320. LIV. 6593 Books in Stacks (Lending)

© WERC Library